00341nam a2200109Ia 4500008004100000020002200041041001200063100005900075245004400134260003200178650002100210231221s9999 xx 000 0 und d a978-1-4614-6357-3 aEnglish aSherin Abdel Hamid, Hossam S. Hassanein, Glen Takahara 0aRouting for Wireless Multi-Hop Networks c2013bSpringer USaNew York aComputer Science